000 01346nam0a2200337 i 4500
001 RU\NLR\bibl\2036603
005 20260406114906.0
010 _a9785883534750
010 _a978-5-88353-480-4
_bБММ
010 _a978-966-14-3858-2
_bКСД
_95000
021 _aRU
_b2013-34735
_92377
035 _a(NLR Aleph) 002024019
090 _a4518290
_c4518290
100 _a20130524d2012 u y0rusy50 ca
101 0 _arus
102 _aRU
105 _aa |||||||||
200 1 _aГерой нашего времени
_e[роман]
_fМ.Ю. Лермонтов
_g[вступ. ст. В.А. Мануйлова
_gкоммент. О.В. Миллер
_gил. В.А. Полякова]
210 _aМосква
_cБММ
_cКлуб Семейного Досуга
_d2012
215 _a254, [2] с.
_cил.
_d18
225 1 _aКлассика в кармане
320 _aБиблиогр. в тексте коммент.: с. 179-255
686 2 _aШ6(2=Р)51-4
700 1 _4070
_7ca
_8rus
_aЛермонтов
_bМ. Ю.
_cпоэт
_f1814-1841
_gМихаил Юрьевич
_9110383
_3RU\NLR\auth\77328
702 1 _4440
_7ca
_8rus
_aПоляков
_bВ. А.
_cхудожник
_f19 в.
_978727
_3RU\NLR\auth\7795801
801 0 _aRU
_bNLR
_c20130524
_gRCR
801 1 _aRU
_bNLR
_c20130524
942 _cBOOK
980 _aNBR